| 000 | 00940nam a2200205 a 4500 | ||
|---|---|---|---|
| 001 | 000036301 | ||
| 005 | 20200930075645.0 | ||
| 008 | 120112s1988 sp 000 0 spa d | ||
| 020 | _a8434526441 | ||
| 040 |
_aDO-SdBNP _bspa _cBNPHU |
||
| 082 |
_axxxx _bM294 |
||
| 240 | 0 | 0 |
_aManual of pediatric nursing careplans careplans del depatament of nursing del hospital for sick children _lespañol |
| 245 | 0 | 0 |
_aManual de enfermería pediátrica : _bprotocolos de asistencia, departamento de enfermería, del hospital for sick children, Toronto, Canadá / _cdirigido por Voirrey Broe; traducción Xavier Allué Martínez ; revisión científica Alvaro Agustí García-Navarro. |
| 260 |
_aBarcelona, España : _bSalvat Editores, _c1988. |
||
| 300 |
_a417 p. ; _c31 cm. |
||
| 500 | _aTraducido del inglés | ||
| 700 | 1 |
_aBroe, Voirrey. _962439 |
|
| 700 | 1 |
_aAllué Martínez, Xavier, _etr. _962440 |
|
| 700 | 1 |
_aAgustí García-Navarro, Alvaro _962441 |
|
| 999 |
_c35792 _d35792 |
||